000 00449nam a2200181Ia 4500
001 8352
005 20260306160603.0
008 260306t2003||||xx |||||||||||||| ||spa||
041 _aESP
082 _a370.52
_bS29
100 _aSchneider, Sandra
_eAUT
245 0 _aCómo desarrollar la inteligencia y promover capacidades
260 _c2003
300 _a375 páginas :
_c28 cm.
650 _aGEN
654 _aCED
942 _cLIB
_dJUS
_fJUS
_2ddc
_n
999 _c8352
_d8352